=LDR 00000nam 2200000 4500 =001 INLIS000000000030434 =005 20201216013851 =035 ##$$a 0010-061300000030434 =008 201216################g##########0###### =041 ##$$a Ind =082 ##$$a 320.01 =090 ##$$a 320.01, Gaf b =100 ##$$a Gaffar, Afan =245 1#$$a Beberapa aspek Pembangunan politik, : $b Sebuah bungan rampai /$c Afan Gaffar =260 ##$$a Jakarta :$b Rajawali,$c 1989 =300 ##$$a xxvi, 202 hlm., ; $c 15 x 21 cm =650 #4$$a Politik, Ilmu =850 ##$$a NBPNMAT =020 ##$$a 979-421-112-5 =084 ##$$a 320.01 GAF b =250 ##$$a cet.2 =504 ##$$a Bibliografi : hlm, 197-202 =990 ##$$a 32.780/Hd.90